Normal view
MARC view
Entry Personal Name
001 - CONTROL NUMBER
- control field: 26793
003 - CONTROL NUMBER IDENTIFIER
- control field: Doon University
005 - DATE AND TIME OF LATEST TRANSACTION
- control field: 20260512163209.0
008 - FIXED-LENGTH DATA ELEMENTS
- fixed length control field: 260512|| aca||aabn | a|a d
040 ## - CATALOGING SOURCE
- Original cataloging agency: Doon University
- Transcribing agency: Doon University
100 ## - HEADING--PERSONAL NAME
- Personal name: Rapoport, Lev
670 ## - SOURCE DATA FOUND
- Source citation: Work cat.: (Doon University)60769: Leick, Alfred 26792, GPS Satellite Surveying , 2018